Genetic studies of streptomyces clavuligenus /
Saved in:
| 主要作者: | |
|---|---|
| 格式: | Thesis 图书 |
| 语言: | English |
| 出版: |
1988.
|
| 主题: | |
| 标签: |
添加标签
没有标签, 成为第一个标记此记录!
|
| LEADER | 00693cam a2200217 a 4500 | ||
|---|---|---|---|
| 001 | u140768 | ||
| 003 | SIRSI | ||
| 008 | 920212s1988 si v 00 1 eng m | ||
| 035 | |a AAQ-2874 | ||
| 040 | |a UMP | ||
| 096 | |a QW125.5 |b S8Lai 1988 | ||
| 100 | 1 | 0 | |a Lai, Poh San. |
| 245 | 1 | 0 | |a Genetic studies of streptomyces clavuligenus / |c by Lai Poh San. |
| 260 | 0 | |c 1988. | |
| 300 | |a x1i, 662 leavess : |b ill.; |c 29 cm. | ||
| 502 | |a Thesis (Ph.D.) - National University of Singapore, 1988. | ||
| 504 | |a Bibliography : leaves 638-653. | ||
| 650 | 2 | |a Streptomyces |x genetics. | |
| 948 | |a 12/02/1992 |b 02/08/1995 | ||
| 596 | |a 2 | ||
| 999 | |a QW125.5 S8LAI 1988 |w NLM |c 1 |i A502453670 |l STACKS |m P02MEDKL |r Y |s Y |t TESIS |u 2/8/1995 | ||
